MARC details
| 000 -CABECERA |
| campo de control de longitud fija |
03585nam a2200433 a 4500 |
| 003 - IDENTIFICADOR DEL NÚMERO DE CONTROL |
| campo de control |
CHAP |
| 005 - FECHA Y HORA DE LA ÚLTIMA TRANSACCIÓN |
| campo de control |
20240830140345.0 |
| 007 - CAMPO FIJO DE DESCRIPCIÓN FÍSICA--INFORMACIÓN GENERAL |
| campo de control de longitud fija |
cr ||||||a|c|a |
| 008 - DATOS DE LONGITUD FIJA--INFORMACIÓN GENERAL |
| campo de control de longitud fija |
101025s2010 mx r 00010 spa d |
| 035 ## - NÚMERO DE CONTROL DEL SISTEMA |
| Número de control de sistema |
111206 |
| 040 ## - FUENTE DE LA CATALOGACIÓN |
| Centro/agencia transcriptor |
CHAP |
| 090 ## - LOCALMENTE ASIGNADO TIPO-LC NÚMERO DE CLASIFICACIÓN (OCLC); NÚMERO DE CLASIFICACIÓN LOCAL (RLIN) |
| Número de clasificación (OCLC) (R) ; Numero de clasificación, CALL (RLIN) (NR) |
Tesis |
| 100 00 - ENTRADA PRINCIPAL--NOMBRE DE PERSONA |
| Nombre de persona |
Solís Mendoza, Floriberto. |
| 9 (RLIN) |
108449 |
| 245 10 - MENCIÓN DE TÍTULO |
| Título |
Detoxificación con Kombucha de calabacita (Curcurbita pepo L.) cultivada en sustrato contaminado con plomo |
| Mención de responsabilidad, etc. |
/por Floriberto Solís Mendoza; director Jaime Sahagún Castellanos |
| 264 ## - PRODUCCIÓN, PUBLICACIÓN, DISTRIBUCIÓN, FABRICACIÓN Y COPYRIGHT |
| Producción, publicación, distribución, fabricación y copyright |
Chapingo, Méx. : |
| Nombre del de productor, editor, distribuidor, fabricante |
El autor, |
| Fecha de producción, publicación, distribución, fabricación o copyright |
2010. |
| 300 ## - DESCRIPCIÓN FÍSICA |
| Extensión |
1 recurso en línea (79 páginas): |
| Otras características físicas |
Cuadros, figuras |
| 336 ## - TIPO DE CONTENIDO |
| Fuente |
rdacontent |
| Término de tipo de contenido |
texto |
| Código de tipo de contenido |
txt |
| 337 ## - TIPO DE MEDIO |
| Fuente |
rdamedia |
| Nombre/término del tipo de medio |
computadora |
| Código del tipo de medio |
c |
| 338 ## - TIPO DE SOPORTE |
| Fuente |
rdacarrier |
| Nombre/término del tipo de soporte |
recursos en linea |
| Código del tipo de soporte |
cr |
| 502 ## - NOTA DE TESIS |
| Tipo de título |
Doctorado en Ciencias en Horticultura |
| Nombre de la institución que otorga el título |
Departamento de Enseñanza, Investigación y Servicio en Fitotecnia, |
| Año de obtención del título |
2010 |
| Información miscelánea |
Doctorado |
| 520 ## - SUMARIO, ETC. |
| Sumario, etc. |
Se evaluaron cuatro niveles de plomo (Pb(NO3)2): 0 (suelo agrícola), 65 300 y 1000 mg·kg-1 del mismo suelo (experimento 1) y los mismos tres niveles de plomo en dosis única combinados con tres niveles de té de Kombucha (experimento 2; factorial 4x3): 0, 20 y 100 %, (65 mL semanales de la solución por maceta, adicionales al riego); para estudiar el efecto de la contaminación con plomo sobre el crecimiento y la productividad de calabacita cv “Termo” (híbrido experimental) y su acumulación en tejido; así como analizar la detoxificación del plomo en el cultivo, con té de Kombucha aplicado semanalmente a la raíz hasta la madurez. El experimento se estableció en bloques completos al azar con seis repeticiones. La unidad experimental fue una maceta de 5.67 litros llenada con suelo agrícola, con dos plantas. La mayor acumulación de biomasa en tallo y raíz se produjo con la dosis: Pb (NO3)2 300 mg.kg-1 de suelo, y en fruto con 65 mg.kg-1; en tanto que la cantidad de clorofila (unidades SPAD), biomasa de flor y total, no resultaron afectadas con ninguna de las concentraciones ensayadas. De las estructuras comestibles, la flor presentó mayor acumulación que el fruto, incluso a bajas dosis de plomo. Todas las concentraciones de plomo ensayadas redujeron significativamente la altura de planta y el tamaño de limbo. En contraste, con Pb(NO3)2 65 mg·kg-1 de suelo, el peso fresco y seco del fruto y de la semilla, así como el diámetro y longitud del fruto fueron mayores. La mayor acumulación de plomo (1000 mg·kg-1) se encontró en la pulpa del fruto. El té de Kombucha aplicado al suelo (20%), incrementó la altura de planta, pero siempre redujo el peso, el diámetro y la longitud del fruto, y el número y el peso fresco de semillas. Todas las concentraciones ensayadas de té redujeron significativamente (P≤0.05) la acumulación de plomo en pulpa de fruto y en semillas, con una detoxificación de 16.9 a 18.6 % para pulpa y de 38.3 a 40.4 % para semilla. |
| 650 04 - PUNTO DE ACCESO ADICIONAL DE MATERIA--TÉRMINO DE MATERIA |
| Término de materia o nombre geográfico como elemento de entrada |
Calabaza |
| Subdivisión general |
Enfermedades. |
| 9 (RLIN) |
17269 |
| 650 04 - PUNTO DE ACCESO ADICIONAL DE MATERIA--TÉRMINO DE MATERIA |
| Término de materia o nombre geográfico como elemento de entrada |
Cultivos |
| Subdivisión general |
Contaminación. |
| 9 (RLIN) |
30244 |
| 700 0# - PUNTO DE ACCESO ADICIONAL--NOMBRE DE PERSONA |
| Nombre de persona |
Sahagún Castellanos, Jaime |
| 9 (RLIN) |
101191 |
| Término indicativo de función/relación |
Director |
| 856 ## - LOCALIZACIÓN Y ACCESO ELECTRÓNICOS |
| Identificador Uniforme del Recurso |
http://10.13.5.2/tesis/111206.pdf |
| Nota pública |
DESCARGAR PDF |
| 942 ## - ELEMENTOS DE PUNTO DE ACCESO ADICIONAL (KOHA) |
| Tipo de ítem Koha |
Tesis digital |
| Fuente del sistema de clasificación o colocación |
Clasificación Universidad Autónoma Chapingo |
| 590 ## - NOTA LOCAL (RLIN) |
| Nota local |
ALEPH |
| Procedencia (VM) [OBSOLETO] |
10 |
| Condición del los carretes individuales (VM) [OBSOLETO] |
20130110 |
| 590 ## - NOTA LOCAL (RLIN) |
| Nota local |
BATCH-UPD |
| Procedencia (VM) [OBSOLETO] |
10 |
| Condición del los carretes individuales (VM) [OBSOLETO] |
20130110 |
| 590 ## - NOTA LOCAL (RLIN) |
| Nota local |
BATCH-UPD |
| Procedencia (VM) [OBSOLETO] |
10 |
| Condición del los carretes individuales (VM) [OBSOLETO] |
20130410 |
| 590 ## - NOTA LOCAL (RLIN) |
| Nota local |
BATCH-UPD |
| Procedencia (VM) [OBSOLETO] |
10 |
| Condición del los carretes individuales (VM) [OBSOLETO] |
20130914 |
| 590 ## - NOTA LOCAL (RLIN) |
| Nota local |
BATCH-UPD |
| Procedencia (VM) [OBSOLETO] |
10 |
| Condición del los carretes individuales (VM) [OBSOLETO] |
20140324 |
| 590 ## - NOTA LOCAL (RLIN) |
| Nota local |
BATCH-UPD |
| Procedencia (VM) [OBSOLETO] |
10 |
| Condición del los carretes individuales (VM) [OBSOLETO] |
20141002 |
| 590 ## - NOTA LOCAL (RLIN) |
| Nota local |
CONVERSION |
| Procedencia (VM) [OBSOLETO] |
10 |
| Condición del los carretes individuales (VM) [OBSOLETO] |
20130109 |
| 901 ## - ELEMENTOS DE DATOS A LOCAL LDA (RLIN) |
| a |
BK |
| 949 ## - PROCESAMIENTO DE INFORMACIÓN LOCAL (OCLC) |
| b |
BC |
| c |
TES |
| d |
33724002219736 |
| e |
TS1 |
| g |
DonaciØn |
| h |
51281 |
| i |
111206 |
| s |
b |
| 949 ## - PROCESAMIENTO DE INFORMACIÓN LOCAL (OCLC) |
| b |
BC |
| c |
TES |
| d |
33724002219777 |
| e |
TS2 |
| f |
c.2 |
| g |
DonaciØn |
| h |
51282 |
| i |
111206 |
| s |
b |